000 00513nam a22001937a 4500
003 MPLRDC
005 20220104113530.0
008 210129b ||||| |||| 00| 0 eng d
020 _a986-7882-89-X
082 _a861.59 QMHX
100 _a青木和雄
245 _a真正的朋友
_c吉川聪子绘; 林玉葳译
250 _a第一版
260 _a台湾
_b稻田出版有限公司
_c2004
300 _b210
490 _aYOUNG BOOK. YB16
650 _a日本文学--儿童文学
942 _cBK
_o861.59 QMHX
999 _c379
_d369